BENİM ÇİÇEKLERİM ATEŞTE AÇAR (Kayıt no. 805568)

MARC ayrıntıları
000 -LEADER
sabit uzunluktaki kontrol alanı 00266nam a2200097Ia 4500
001 - KONTROL NUMARASI
kontrol alanı 805568
005 - EN SON İŞLEMİN TARİH VE ZAMANI
kontrol alanı 20250826171155.0
008 - SABİT-UZUNLUKTA VERİ ÖĞELERİ--GENEL BİLGİ
sabit uzunluktaki kontrol alanı 250824s9999 xx 000 0 und d
245 #0 - ESER / YAZAR
ESER ADI BENİM ÇİÇEKLERİM ATEŞTE AÇAR
Yazar Adı AHMED GÜNBAY YILDIZ
260 ## - YAYIN, DAĞITIM, VB.
YAYIN EVİ TİMAŞ YAYINLARI
Mevcut
Düşüm durumu Kayıp durumu Sınıflandırma Kaynağı veya raf şeması Hasar Durumu Ödünç verilmez Ana kütüphane Geçerli Kütüphane Edinilen tarih Toplam ödünç verme sayısı Tam yer numarası Barkod Son görüntüleme tarihi Fiyatın geçerli olmaya başladığı tarih Koha materyal türü
    Dewey Ondalık Sınıflama     SELÇUKLU BELEDİYESİ ORTAOKULU SELÇUKLU BELEDİYESİ ORTAOKULU 24.08.2025   A1 (AHMED GÜNBAY YILDIZ) 10588 26.08.2025 26.08.2025 Kitaplar
Gemini Bilgi Teknolojileri A.Ş. tarafından düzenlenmiştir.